Recent trends in incineration: does it have a future role in UK waste strategy (Record no. 73453)
[ view plain ]
| 000 -LEADER | |
|---|---|
| fixed length control field | 01135cam a2200217 4500 |
| 001 - CONTROL NUMBER | |
| control field | ABS67115 |
| 008 - FIXED-LENGTH DATA ELEMENTS--GENERAL INFORMATION | |
| fixed length control field | 030924n2003 000 0 eng u |
| 035 ## - SYSTEM CONTROL NUMBER | |
| System control number | (Sirsi) u123715 |
| 100 ## - MAIN ENTRY--PERSONAL NAME | |
| Personal name | Brook, C. |
| 245 ## - TITLE STATEMENT | |
| Title | Recent trends in incineration: does it have a future role in UK waste strategy |
| 260 ## - PUBLICATION, DISTRIBUTION, ETC. | |
| Date of publication, distribution, etc. | 2003 |
| 490 ## - SERIES STATEMENT | |
| Series statement | Waste Planning |
| Volume/sequential designation | (48) September 2003, 3-5(3) |
| 520 ## - SUMMARY, ETC. | |
| Summary, etc. | Examines the contradiction between the "Waste Strategy 20002 which refers to the 'important role' of recovering energy from waste and the Environment Minister's comments that government would not support any significant expansion of incineration. The targets contained in the strategy suggest that the UK could require up to 89 additional incinerators. Government appears to have distanced itself from the debate. Also examines in this context the results of five planning appeal cases for incinerators around the country. |
| 590 ## - LOCAL NOTE (RLIN) | |
| Local note | ABS |
| 650 ## - SUBJECT ADDED ENTRY--TOPICAL TERM | |
| Topical term or geographic name entry element | INCINERATORS |
| 650 ## - SUBJECT ADDED ENTRY--TOPICAL TERM | |
| Topical term or geographic name entry element | RECYCLING WASTE |
| 650 ## - SUBJECT ADDED ENTRY--TOPICAL TERM | |
| Topical term or geographic name entry element | ALTERNATIVE ENERGY |
| 650 ## - SUBJECT ADDED ENTRY--TOPICAL TERM | |
| Topical term or geographic name entry element | WASTE STRATEGY |
| 690 ## - LOCAL SUBJECT ADDED ENTRY--TOPICAL TERM (OCLC, RLIN) | |
| Topical term or geographic name as entry element | ENVIRONMENTAL AND LAND CONSULTANCY-WASTE MANAGEMENT |
| 942 ## - ADDED ENTRY ELEMENTS (KOHA) | |
| Suppress in OPAC | 0 |
| Withdrawn status | Lost status | Source of classification or shelving scheme | Damaged status | Not for loan | Home library | Current library | Shelving location | Date acquired | Total Checkouts | Full call number | Barcode | Date last seen | Copy number | Price effective from | Koha item type |
|---|---|---|---|---|---|---|---|---|---|---|---|---|---|---|---|
| Dewey Decimal Classification | London | London | Journal article | 24/09/2003 | ABS67115 | 123715-1001 | 06/08/2019 | 1 | 06/08/2019 | Journal article |